Stochastic differential equations and applications /
Guardado en:
| Autor Principal: | |
|---|---|
| Formato: | Libro |
| Idioma: | English |
| Publicado: |
New York :
Academic Press,
1975-1976.
|
| Series: | Probability and mathematical statistics ;
v. 28 |
| Materias: | |
| Etiquetas: |
Agregar Etiqueta
Sin Etiquetas, Sea el primero en etiquetar este registro!
|
| LEADER | 00867cam a2200241 a 4500 | ||
|---|---|---|---|
| 001 | MAT.inmabb003111 | ||
| 008 | 750410m19751976nyu######b####001#0#eng## | ||
| 005 | 20130304174421.0 | ||
| 245 | 1 | 0 | |a Stochastic differential equations and applications / |c Avner Friedman. |
| 260 | |a New York : |b Academic Press, |c 1975-1976. | ||
| 300 | |a 2 v. (xiii, 528 p.) ; |c 24 cm. | ||
| 440 | 0 | |a Probability and mathematical statistics ; |v v. 28 | |
| 504 | |a Bibliografía: v. 1, p. 226-228; v. 2, p. 523-526. | ||
| 510 | 4 | |a MR, |c 58 #13350a | |
| 020 | |a 0122682017 (v. 1) | ||
| 020 | |a 0122682025 (v. 2) | ||
| 100 | 1 | |a Friedman, Avner. | |
| 650 | 0 | |a Stochastic differential equations. | |
| 084 | |a 60H10 (60J60 91A15) |2 msc2000 | ||
| 010 | |a 74030808 | ||
| 040 | |a DLC |c DLC |d DLC | ||
| 859 | |h 60 |i F911 |p A-4402 |v 1 |3 Vol. 1 |b BIB. MATEMATICA | ||
| 859 | |h 60 |i F911 |p A-4403 |v 2 |3 Vol. 2 |b BIB. MATEMATICA | ||
